<?xml version="1.0" encoding="UTF-8"?>
<record
    xmlns:xsi="http://www.w3.org/2001/XMLSchema-instance"
    xsi:schemaLocation="http://www.loc.gov/MARC21/slim http://www.loc.gov/standards/marcxml/schema/MARC21slim.xsd"
    xmlns="http://www.loc.gov/MARC21/slim">

  <leader>00831nam a22002417a 4500</leader>
  <controlfield tag="005">20220120132120.0</controlfield>
  <controlfield tag="008">131122t        sp ||||| |||| 00| 0 spa d</controlfield>
  <datafield tag="020" ind1=" " ind2=" ">
    <subfield code="a">9788449320738</subfield>
  </datafield>
  <datafield tag="050" ind1="0" ind2="4">
    <subfield code="a">NX454.5.M63</subfield>
    <subfield code="b">G39 2007</subfield>
  </datafield>
  <datafield tag="100" ind1="1" ind2=" ">
    <subfield code="a">Gay, Peter.</subfield>
  </datafield>
  <datafield tag="245" ind1=" " ind2=" ">
    <subfield code="a">Modernidad :</subfield>
    <subfield code="b">la atracci&#xF3;n de la herej&#xED;a de Baudelaire a Beckett /</subfield>
    <subfield code="c">Peter Gay ; tr. Marta Pino...[et al].</subfield>
  </datafield>
  <datafield tag="250" ind1=" " ind2=" ">
    <subfield code="a">1a ed.</subfield>
  </datafield>
  <datafield tag="260" ind1=" " ind2=" ">
    <subfield code="a">Barcelona, Espa&#xF1;a :</subfield>
    <subfield code="b">Paidos, </subfield>
    <subfield code="c">2007.</subfield>
  </datafield>
  <datafield tag="300" ind1=" " ind2=" ">
    <subfield code="a">591 p. :</subfield>
    <subfield code="b">il. ; </subfield>
    <subfield code="c">23 cm.</subfield>
  </datafield>
  <datafield tag="440" ind1=" " ind2="0">
    <subfield code="a">Modernidad ; </subfield>
    <subfield code="v">1</subfield>
  </datafield>
  <datafield tag="500" ind1=" " ind2=" ">
    <subfield code="a">Traducci&#xF3;n de : Modernism : the lure of heresy : from Baudelaire to Beckett and beyond</subfield>
  </datafield>
  <datafield tag="504" ind1=" " ind2=" ">
    <subfield code="a">Incluye indice </subfield>
  </datafield>
  <datafield tag="650" ind1=" " ind2="7">
    <subfield code="2">Lemb</subfield>
    <subfield code="a">Arte moderno </subfield>
    <subfield code="y">Siglo XIX</subfield>
  </datafield>
  <datafield tag="650" ind1=" " ind2="7">
    <subfield code="2">Lemb</subfield>
    <subfield code="a">Modernismo </subfield>
  </datafield>
  <datafield tag="650" ind1=" " ind2="7">
    <subfield code="2">Lemb </subfield>
    <subfield code="a">Arte moderno </subfield>
    <subfield code="y">Siglo XX</subfield>
  </datafield>
  <datafield tag="700" ind1="1" ind2=" ">
    <subfield code="a">Pino, Marta,</subfield>
    <subfield code="e">tr.</subfield>
  </datafield>
  <datafield tag="942" ind1=" " ind2=" ">
    <subfield code="2">lcc</subfield>
    <subfield code="c">LIB</subfield>
  </datafield>
  <datafield tag="999" ind1=" " ind2=" ">
    <subfield code="c">45582</subfield>
    <subfield code="d">45582</subfield>
  </datafield>
  <datafield tag="952" ind1=" " ind2=" ">
    <subfield code="1">0</subfield>
    <subfield code="2">lcc</subfield>
    <subfield code="4">0</subfield>
    <subfield code="7">0</subfield>
    <subfield code="a">LIC-046</subfield>
    <subfield code="b">LIC-046</subfield>
    <subfield code="d">2013-11-22</subfield>
    <subfield code="e">Rec. P/Pifi-2007-17-05</subfield>
    <subfield code="h">LLH000003385</subfield>
    <subfield code="o">NX454 .5 .M63 G39 2007</subfield>
    <subfield code="p">LLH000003385</subfield>
    <subfield code="r">2015-01-16 00:00:00</subfield>
    <subfield code="t">C:1</subfield>
    <subfield code="y">LIB</subfield>
    <subfield code="z">General</subfield>
  </datafield>
  <datafield tag="952" ind1=" " ind2=" ">
    <subfield code="1">0</subfield>
    <subfield code="2">lcc</subfield>
    <subfield code="4">0</subfield>
    <subfield code="7">0</subfield>
    <subfield code="a">INV-033</subfield>
    <subfield code="b">INV-033</subfield>
    <subfield code="c">GENERAL</subfield>
    <subfield code="d">2022-01-20</subfield>
    <subfield code="f">1a ed. </subfield>
    <subfield code="k">EH</subfield>
    <subfield code="l">0</subfield>
    <subfield code="o">NX454 .5 .M63 G39 2007</subfield>
    <subfield code="p">IIH000031762</subfield>
    <subfield code="r">2022-01-20 00:00:00</subfield>
    <subfield code="t">C:1</subfield>
    <subfield code="v">1.00</subfield>
    <subfield code="y">LIB</subfield>
  </datafield>
</record>
